000 00427cam a2200169ua 4500
020 _c4.00
041 _amal
_h
082 _a070
_bVIJ/PA
100 _aVijayan, K P .
245 _aPathrangal vichithrangal /
_cK P Vijayan.
_hTextual Documents
260 _aKottayam :
_bSahitya Pravarthaka Co-operative Society ,
_c1968.
300 _a241 ; .
365 _a4.00
504 _a
942 _cBK
999 _c5238
_d5238